000 00477cam a2200193 4500
001 D9013
008 090401t1981 xxu||||| |||| 00| 0 eng d
035 _a(Sirsi) u94795
041 _aeng
050 _a690.2
100 _aStaveley, H.S.
245 _aStructural surveys
260 _aAscot, Berks
_bThe Chartered Institute of Building
_c1981
300 _a9p. 30cm
350 _a0
490 _aMaintenance Information Service
_v15
942 _n0
948 _c04/03/1997
999 _c98189
_d98189